• 首页
  • 本馆介绍
  • 公告通知
  • 最新文献
  • 馆藏检索
  • 电子资源
  • 读者导购
  • 参考咨询
  • 我的图书馆
  • 登录
  • 详细信息显示
  • 放入我的书架
  • 预约/预借图书
  • 作者相关作品
  • 分类相关作品
  • 丛书相关作品
  • 出版社相关作品

书目信息

  • 表格格式
  • 工作单格式
  • 卡片格式
题名:
皮尔·卡丹
    
 
作者: 大卫·霍夫曼 著 ;乔木 译
分册:  
出版信息: 北京   线装书局  2003.01
页数: 364页
开本: 21cm
丛书名:
单 册:
中图分类: F456.568
科图分类:
主题词: 工业经济 , 国际贸易
电子资源:
ISBN: 7-80106-119-5
000 00743nam0 2200229 450
001 0356761893
005 20060425155936.08
010    @a7-80106-119-5@dCNY23.80
100    @a20031222d2003 km y0chiy0120 ea
101 0  @achi
102    @aCN@b110000
200 1  @a皮尔·卡丹@e世界时装大师的品牌之道@Api er·ka dan@f(美)大卫·霍夫曼著@F(mei)da wei·huo fu man zhu@g乔木译@Gqiao mu yi
210    @a北京@c线装书局@d2003.01
215    @a364页@d21cm
517 1  @a世界时装大师的品牌之道@Ashi jie shi zhuang da shi de pin pai zhi dao
606 0  @a工业经济
606 0  @a国际贸易
690    @aF456.568@v4
701  0 @a大卫·霍夫曼@Ada wei·huo fu man@4著
702  0 @a乔木@Aqiao mu@4译
801  0 @aCN@bPFT@c20060425
905    @aBZT@dF456.568@e1@f10
    
    皮尔·卡丹:世界时装大师的品牌之道/(美)大卫·霍夫曼著/乔木译.-北京:线装书局,2003.01
    364页;21cm
    
    
    ISBN 7-80106-119-5:CNY23.80
    
●
相关链接 在五车中查询图书 在当当中查询图书 在豆瓣中查询图书


正题名:皮尔·卡丹     索取号:F456.568/1         预约/预借

序号 登录号 条形码 馆藏地/架位号 状态 备注
1 0349371   201340735   样本书库/样002架B面3层1列/ [索取号:F456.568/1] 在馆    
2 0349372   201340708   中心书库北库/ 北库018架A面1列3层2/ [索取号:F456.568/1] 在馆    
3 0349373   201340717   中心书库北库/ 北库018架A面1列3层5/ [索取号:F456.568/1] 在馆    
4 0349374   201340682   中心书库北库/ 北库018架A面1列3层10/ [索取号:F456.568/1] 在馆    
5 0349375   201340691   中心书库北库/ 北库018架A面1列3层8/ [索取号:F456.568/1] 在馆    
6 0349376   201340664   中心书库北库/ 北库018架A面1列3层9/ [索取号:F456.568/1] 在馆    
7 0349377   201340673   中心书库北库/ 北库018架A面1列3层1/ [索取号:F456.568/1] 在馆    
8 0441844   201283495   中心书库北库/ 北库018架A面1列3层3/ [索取号:F456.568/1] 在馆    
9 0441845   201283486   中心书库北库/ 北库018架A面1列3层4/ [索取号:F456.568/1] 在馆    
10 0441846   201283510   中心书库北库/ 北库018架A面1列3层6/ [索取号:F456.568/1] 在馆    
山东省滨州职业学院图书馆 欢迎您!
大连网信软件有限公司© 版权所有